| 000 | 00392nam a2200169Ia 4500 | ||
|---|---|---|---|
| 008 | 220531s9999 xx 000 0 und d | ||
| 041 | _aeng | ||
| 082 | _bCOL | ||
| 100 |
_aColes Editorial Board _939395 |
||
| 245 | _aWords Worths Poetry | ||
| 260 |
_bRama _c1995 |
||
| 300 | _a150 | ||
| 542 | _d15-07-1998 | ||
| 650 |
_aEnglish _939396 |
||
| 906 | _d1998-1999 | ||
| 999 |
_c23767 _d23767 |
||